Sustainable treatment and reuse of municipal wastewater for decision makers and practicing engineers /

Bibliographic Details
Main Author: Libhaber, Menahem.
Corporate Author: ProQuest (Firm)
Other Authors: Orozco-Jaramillo, Alvaro.
Format: Electronic eBook
Language:English
Published: London ; New York : IWA Publishing Alliance House, 2012.
Subjects:
Online Access:Click to View
LEADER 01498nam a2200385Ia 4500
001 EBC3119926
003 MiAaPQ
005 20200520144314.0
006 m o d |
007 cr cn|||||||||
008 111230s2012 enkab sb 001 0 eng d
020 |z 1780400160 
020 |z 1780400632 (eBook) 
020 |z 9781780400167 
020 |z 9781780400631 (eBook) 
035 |a (MiAaPQ)EBC3119926 
035 |a (Au-PeEL)EBL3119926 
035 |a (CaPaEBR)ebr10732982 
035 |a (CaONFJC)MIL572571 
035 |a (OCoLC)843213147 
040 |a MiAaPQ  |c MiAaPQ  |d MiAaPQ 
050 4 |a TD745  |b .L53 2012 
082 0 4 |a 628.3  |2 23 
100 1 |a Libhaber, Menahem. 
245 1 0 |a Sustainable treatment and reuse of municipal wastewater  |h [electronic resource] :  |b for decision makers and practicing engineers /  |c Menahem Libhaber and Alvaro Orozco-Jaramillo. 
260 |a London ;  |a New York :  |b IWA Publishing Alliance House,  |c 2012. 
300 |a xxx, 557 p. :  |b ill. (chiefly col.), maps. 
504 |a Includes bibliographical references (p. [537]-545) and index. 
533 |a Electronic reproduction. Ann Arbor, MI : ProQuest, 2015. Available via World Wide Web. Access may be limited to ProQuest affiliated libraries. 
650 0 |a Sewage  |x Purification. 
650 0 |a Sewage  |x Recycling. 
655 4 |a Electronic books. 
700 1 |a Orozco-Jaramillo, Alvaro. 
710 2 |a ProQuest (Firm) 
856 4 0 |u https://ebookcentral.proquest.com/lib/matrademy/detail.action?docID=3119926  |z Click to View